Statistics for Proud Chapters in French History

Click here to take the quiz!

General Stats

  • This quiz has been taken 119 times
  • The average score is 11 of 14

Answer Stats

HintAnswer% Correct
During the 17th and 18th century, this royal palace outisde of Paris becomes a symbol of opulence and inspires other constructionsVersailles
97%
This general and former Resistance leader founds the Fifth RepublicCharles de Gaulle
93%
Name the three components of France's national motto, originating in the French Revolution and adopted in 1870Liberté
92%
At Gergovia, Gallic forces defeat the legions of this Roman generalJulius Caesar
90%
The French Academy of Sciences introduces this basic unit of lengthMeter
89%
Fraternité
86%
This 18th century movement, marked by intellectual progress, is centered in FranceThe Enlightenment
86%
Egalité
82%
France refuses to join the United States in this embarrassing 2003 conflictIraq War
82%
This artifact, a key in deciphering hieroglyphics, is discovered amid Napoleonic campaignsRosetta Stone
80%
This player scores twice to secure France's first World Cup winZinédine Zidane
75%
Pierre de Coubertin revives this sports competitionOlympic Games
72%
1805 site at which outnumbered Napoleon beats Russians and Austrians, in what is sometimes called "Three Emperors Battle"Austerlitz
66%
Impressionism, modernism and Moulin Rouge rule this golden era that roughly coincided with late VictorianismBelle Époque
49%

Score Distribution

Percentile by Number Answered

Percent of People with Each Score

Your Score History

You have not taken this quiz